Harry Potter Mummy's Quiz Stats

 Plays Quiz not verified by Sporcle

Score 0/14 Timer 07:00
0 Plays Today
Child Mother % Correct
Ron WeasleyMolly Weasley
99.3%
Harry PotterLily Potter
98.6%
Draco MalfoyNarcissa Malfoy
95.1%
Albus Severus PotterGinny Weasley
94.4%
Dudley DursleyPetunia Dursley
92.4%
Grey LadyRowena Ravenclaw
89.6%
Neville LongbottomAlice Longbottom
88.9%
Child Mother % Correct
Aberforth DumbledoreKendra Dumbledore
82.6%
Nymphadora TonksAndromeda Tonks
82.6%
Lord VoldemortMerope Gaunt
82.6%
Louis WeasleyFleur Delacour
82.6%
Severus SnapeEileen Prince
78.5%
Rubeus HagridFridwulfa
59.7%
Fleur WeasleyApolline Delacour
43.1%

You're not logged in!

Compare scores with friends on all Sporcle quizzes.
OR
Log In

Show Comments

Extras

Created Feb 14, 2012ReportNominate
Tags:Harry Potter Quiz, child, mother

Top Quizzes Today


Score Distribution

Your Account Isn't Verified!

In order to create a playlist on Sporcle, you need to verify the email address you used during registration. Go to your Sporcle Settings to finish the process.

Report this User

Report this user for behavior that violates our Community Guidelines.

Details: